000 03607cas a2200817 a 4500
001 11150140
003 OSt
005 20230704094630.0
008 750824d19521987it fr l i0 0eng c
010 _a 56058929
_zsn 86035261
016 7 _a9876053
_2DNLM
016 7 _aF09460000
_2DNLM
016 7 _a001264945
_2Uk
022 _a0015-6221
_l0015-6221
035 _a(OCoLC)ocm01569611
040 _aMUL
_beng
_cMUL
_dFUL
_dYUS
_dOCL
_dNOH
_dRCS
_dOCL
_dNYG
_dNST
_dNYP
_dIUL
_dDLC
_dAGL
_dNLM
_dOCLCQ
_dHVL
_dDLC
_dNLGGC
_dDLC
_dCUI
_dOCLCQ
_dOCLCF
_dOCLCO
_dOCLCQ
_dOCLCA
_dUKMGB
_dNLVRD
_dOCLCO
_dOCLCA
_dJ9U
_dOCLCO
042 _apcc
050 0 0 _aK3870.A47
_bF66
050 1 4 _aKJ643
_b.F6
070 0 _a389.59
_bF732
072 0 _aX000
082 0 4 _a344.04
_bFAO
222 0 _aFood and agricultural legislation
245 0 0 _aFood and agricultural legislation.
260 _aRome, Italy :
_bFood and Agriculture Organization of the United Nations,
_c1952-1988.
300 _a36 volumes ;
_c25 cm
310 _aSemiannual,
_b1970-1987
321 _aQuarterly,
_b1952-1969
336 _atext
_btxt
_2rdacontent
337 _aunmediated
_bn
_2rdamedia
338 _avolume
_bnc
_2rdacarrier
362 0 _aVol. 1, no. 1 (1952)-v. 36, no. 2 (Dec. 1987).
500 _aTitle from cover.
530 _aAlso issued online.
546 _aPublished in three separate editions, English, French, and Spanish.
555 _aCountry index, v. 1 (1952)-v. 10 (1962). 1 v.; Subject index, v. 1 (1952)-v. 10 (1962). 1 v.
580 _aContinues: Annuaire international de législation agricole published by the International Institute of Agriculture, 1911-46.
580 _aMerged with: Recueil de législation alimentation et agriculture; and: Colección legislativa agricultura y alimentación to form: Food and agricultural legislation (Rome, Italy : 1989).
590 _aSERBIB/SERLOC merged record
650 0 _aAgricultural laws and legislation.
650 0 _aLand tenure
_xLaw and legislation.
650 0 _aProduce trade
_xLaw and legislation.
650 0 _aFood law and legislation.
650 2 _aAgriculture
_xlegislation & jurisprudence.
650 2 _aLegislation, Food.
650 7 _aAgricultural laws and legislation.
_2fast
_0(OCoLC)fst00801020
650 7 _aFood law and legislation.
_2fast
_0(OCoLC)fst00930954
650 7 _aLand tenure
_xLaw and legislation.
_2fast
_0(OCoLC)fst00991383
650 7 _aProduce trade
_xLaw and legislation.
_2fast
_0(OCoLC)fst01078157
650 1 7 _aAgrarisch recht.
_2gtt
650 1 7 _aLevensmiddelen.
_2gtt
650 1 7 _aRecht.
_2gtt
650 7 _aAgricultural laws and legislation.
_2nli
650 7 _aLand tenure
_xLaw and legislation.
_2nli
650 7 _aProduce trade
_xLaw and legislation.
_2nli
650 7 _aFood law and legislation.
_2nli
650 7 _aAgriculture.
_2pplt
650 7 _aLegislation.
_2pplt
650 7 _aFood.
_2pplt
655 2 _aPeriodical.
710 2 _aFood and Agriculture Organization of the United Nations.
776 0 8 _iOnline version:
_tFood and agricultural legislation
_w(OCoLC)608062166
780 1 0 _tAnnuaire international de législation agricole
_w(DLC) 14004582
_w(OCoLC)1481466
785 1 7 _tRecueil de législation alimentation et agriculture
_w(OCoLC)39343983
785 1 7 _tColección legislativa agricultura y alimentación
785 1 7 _tFood and agricultural legislation (Rome, Italy : 1989)
_x1014-7055
_w(DLC)sn 95044477
_w(OCoLC)33346879
906 _a7
_bcbc
_cserials
_du
_encip
_f19
_gn-oclcserc
942 _2ddc
_cBK
999 _c3598
_d3598